| 000 | 00437nam a2200157 a 4500 | ||
|---|---|---|---|
| 001 | 000021503 | ||
| 005 | 20200930011341.0 | ||
| 008 | 100908s2001 dr 000 0 spa d | ||
| 040 |
_aDO-SdBNP _bspa _cBNPHU |
||
| 082 |
_axxx _bC289c |
||
| 100 | 1 |
_aCarney, J. V. _944818 |
|
| 245 | 1 | 0 |
_aCómo crear su imagen personal y pública / _cJ. V. Carney. |
| 260 |
_aSanto Domingo : _bCollado, _c2001. |
||
| 300 |
_a43 p. ; _c22 cm. |
||
| 049 | _aBNPD | ||
| 999 |
_c21003 _d21003 |
||